000
00281nam a22001337a 4500
003
SGT
082
_a
618.1
_b
A15N
100
_a
NATHA,RADHAKRSNA
245
_a
ABHINAVA KAUMARABHRTYA
260
_a
DELHI
_b
VARANSI PUB
_c
2015
300
_a
355
650
_a
AYURVEDA
942
_2
ddc
_c
BK
999
_c
11350
_d
11350